00420nam a2200157Ia 4500001000500000005001700005008004100022041000800063082001500071100002800086245009000114260000900204300003300213650000800246654000800254841420260306160607.0260306t2023||||xx |||||||||||||| ||spa|| aESP a370.9bG18 aGamble, Richard M.eAUT 4aThe great tradition :bclassic reading on what it means to be an educated human being c2023 axix, 667 páginas :c25 cm. aGEN aCED